| 000 | 004170000a22001690004500 | ||
|---|---|---|---|
| 003 | LK-CoMWRAF | ||
| 008 | 230817t ||||| |||| 00| 0 eng d | ||
| 040 |
_aLK-CoMWRAF _dLK-CoMWRAF _eLK-CoMWRAF |
||
| 041 | _aeng | ||
| 082 |
_a166 _bISL |
||
| 245 |
_aIslamic penal code of Iran _benglish translation |
||
| 260 |
_aIslamabad _bIPIPS _c1986 |
||
| 300 | _ap.122 | ||
| 650 | _aIran | ||
| 650 | _aMuslim law | ||
| 942 | _cBK | ||
| 999 |
_c2614 _d2614 |
||